[Event "RUS-chT 31th"]
[Site "Sochi"]
[Date "2024.05.08"]
[Round "7.25"]
[White "Yeletsky, Ivan"]
[Black "Dreev, Alexey"]
[Result "1/2-1/2"]
[WhiteElo "2505"]
[BlackElo "2606"]
[PlyCount "48"]
[EventDate "2024.05.01"]
[EventType "team-tourn"]
[EventRounds "9"]
[EventCountry "RUS"]
[SourceTitle "CB20_2024"]
[SourceDate "2024.05.16"]
[SourceVersion "1"]
[SourceVersionDate "2024.05.16"]
[SourceQuality "1"]
[WhiteTeam "Moscow Temus"]
[BlackTeam "Moscow ShSM"]
[WhiteTeamCountry "RUS"]
[BlackTeamCountry "RUS"]

1. e4 c6 2. d4 d5 3. e5 c5 4. Nf3 cxd4 5. Qxd4 Nc6 6. Qf4 e6 7. Nc3 Nge7 8. Bd3 Ng6 9. Bxg6 hxg6 10. 0-0 a6 11. Re1 Be7 12. Qg3 Qb6 13. b3 Nd4 14. Nxd4 Qxd4 15. Qd3 Qh4 16. h3 g5 17. Na4 Bd7 18. Nb6 Bb5 19. Qf3 Rd8 20. c4 dxc4 21. Qxb7 Bb4 22. Re4 g4 23. Be3 f5 24. exf6 Qxf6 1/2-1/2

[Event "RUS-chT 31th"]
[Site "Sochi"]
[Date "2024.05.02"]
[Round "2.19"]
[White "Dreev, Alexey"]
[Black "Popov, Maksim1"]
[Result "1/2-1/2"]
[WhiteElo "2606"]
[BlackElo "2342"]
[PlyCount "170"]
[EventDate "2024.05.01"]
[EventType "team-tourn"]
[EventRounds "9"]
[EventCountry "RUS"]
[SourceTitle "CB20_2024"]
[SourceDate "2024.05.16"]
[SourceVersion "1"]
[SourceVersionDate "2024.05.16"]
[SourceQuality "1"]
[WhiteTeam "Moscow ShSM"]
[BlackTeam "Voronezh"]
[WhiteTeamCountry "RUS"]
[BlackTeamCountry "RUS"]

1. d4 d5 2. c4 e6 3. Nc3 Be7 4. cxd5 exd5 5. Bf4 c6 6. e3 Bf5 7. Nge2 Nd7 8. Ng3 Be6 9. Nh5 Kf8 10. Bg3 Qb6 11. Rb1 Bf5 12. Bd3 Bxd3 13. Qxd3 g6 14. Nf4 Ngf6 15. 0-0 Kg7 16. b4 a6 17. f3 Rhe8 18. e4 Bd6 19. Kh1 Bxf4 20. Bxf4 Re6 21. a4 Kg8 22. Bg5 Rae8 23. e5 Nh5 24. f4 Ng7 25. b5 axb5 26. axb5 f6 27. bxc6 Qxc6 28. Bh4 fxe5 29. dxe5 d4 30. Ne4 Nf5 31. Rfc1 Qd5 32. Rb5 Rc6 33. Re1 Qc4 34. Qxc4+ Rxc4 35. Rxb7 Nc5 36. Rc7 Nxh4 37. Nf6+ Kf8 38. Nxh7+ Kg8 39. Nf6+ Kf8 40. Nh7+ Kg8 41. Nf6+ Kf8 42. Rxc5 Rxc5 43. Nd7+ Ke7 44. Nxc5 Rc8 45. Rc1 g5 46. fxg5 Ng6 47. Kg1 Nf4 48. Rf1 d3 49. Ne4 Ng6 50. Nf2 Nxe5 51. g6 d2 52. Ne4 Nc4 53. Rd1 Rd8 54. Kf2 Rd4 55. Kf3 Ke6 56. h4 Rd3+ 57. Kf4 Rd4 58. Kf3 Rd3+ 59. Kf2 Rd4 60. Ng5+ Kf6 61. Nf3 Rd5 62. Ke2 Kxg6 63. g4 Rd8 64. h5+ Kh6 65. Nxd2 Re8+ 66. Kf3 Rd8 67. g5+ Kxh5 68. Rh1+ Kxg5 69. Nxc4 Rd4 70. Ne3 Rf4+ 71. Ke2 Ra4 72. Rf1 Ra3 73. Rf8 Ra2+ 74. Kf3 Ra3 75. Rf5+ Kg6 76. Rc5 Kf6 77. Ke4 Ra4+ 78. Nc4 Ra1 79. Rc6+ Ke7 80. Ne3 Re1 81. Kd4 Kf7 82. Ra6 Ke7 83. Nd5+ Kf7 84. Ra7+ Kg6 85. Nf4+ Kf6 1/2-1/2

[Event "Wch Blitz"]
[Site "Samarkand"]
[Date "2023.12.30"]
[Round "15"]
[White "Dreev, Alexey"]
[Black "Makarian, Rudik"]
[Result "0-1"]
[WhiteElo "2606"]
[BlackElo "2530"]
[PlyCount "78"]
[EventDate "2023.12.29"]
[EventType "swiss (blitz)"]
[EventRounds "21"]
[EventCountry "UZB"]
[SourceTitle "CB01_2024"]
[SourceDate "2024.01.03"]
[SourceVersion "1"]
[SourceVersionDate "2024.01.03"]
[SourceQuality "1"]

1. d4 Nf6 2. Nf3 c5 3. e3 d5 4. Bd3 Nc6 5. 0-0 Bg4 6. c3 e6 7. Nbd2 Qc7 8. h3 Bh5 9. a3 Rd8 10. b4 cxd4 11. cxd4 Bd6 12. Bb2 0-0 13. Rc1 Qe7 14. Qa4 a6 15. Ne5 Bxe5 16. dxe5 Nd7 17. Qc2 Bg6 18. Bxg6 hxg6 19. f4 Rc8 20. Qd3 Nb6 21. Bd4 Na4 22. Bc5 Nxc5 23. Rxc5 Na7 24. Rfc1 Rxc5 25. Rxc5 Rc8 26. Rxc8+ Nxc8 27. Nb3 Qc7 28. Nc5 Ne7 29. Kf2 Qc6 30. g4 a5 31. Qc3 b6 32. bxa5 bxc5 33. a6 Qxa6 34. Qxc5 Nc6 35. Qd6 Qc8 36. a4 Na5 37. Qb4 Qa8 38. h4 Nc4 39. Qc5 Qxa4 0-1

[Event "Wch Blitz"]
[Site "Samarkand"]
[Date "2023.12.29"]
[Round "7"]
[White "Dreev, Alexey"]
[Black "Ter Sahakyan, Samvel"]
[Result "1-0"]
[WhiteElo "2606"]
[BlackElo "2643"]
[PlyCount "67"]
[EventDate "2023.12.29"]
[EventType "swiss (blitz)"]
[EventRounds "21"]
[EventCountry "UZB"]
[SourceTitle "CB01_2024"]
[SourceDate "2024.01.03"]
[SourceVersion "1"]
[SourceVersionDate "2024.01.03"]
[SourceQuality "1"]

1. d4 Nf6 2. Nf3 d5 3. c4 e6 4. Bg5 dxc4 5. Qa4+ Nbd7 6. Qxc4 h6 7. Bh4 a6 8. Nbd2 c5 9. e4 b5 10. Qc2 Bb7 11. d5 exd5 12. e5 g5 13. Bg3 Ne4 14. Nxe4 dxe4 15. Nd2 e3 16. fxe3 Qe7 17. Ne4 Nxe5 18. 0-0-0 Nc4 19. Bxc4 Bxe4 20. Qc3 Rg8 21. Bd6 Qxd6 22. Rxd6 Bxd6 23. Qf6 bxc4 24. Qxd6 Rg6 25. Qxc5 Re6 26. Rd1 Bd3 27. b3 Rb8 28. bxc4 Be4 29. Rd4 Rb1+ 30. Kd2 Rb2+ 31. Kc3 Rc2+ 32. Kb3 f5 33. Rxe4 fxe4 34. Kxc2 1-0

[Event "Moscow Dvoretsky Memorial Blitz"]
[Site "Moscow"]
[Date "2023.12.09"]
[Round "6"]
[White "Nepomniachtchi, Ian"]
[Black "Dreev, Alexey"]
[Result "1-0"]
[WhiteElo "2771"]
[BlackElo "2606"]
[PlyCount "85"]
[EventDate "2023.12.09"]
[EventType "tourn (blitz)"]
[EventRounds "11"]
[EventCountry "RUS"]
[EventCategory "15"]
[SourceTitle "CB50_2023"]
[SourceDate "2023.12.13"]
[SourceVersion "1"]
[SourceVersionDate "2023.12.13"]
[SourceQuality "1"]

1. e4 c6 2. d4 d5 3. Nc3 dxe4 4. Nxe4 Nf6 5. Nxf6+ exf6 6. c3 Bd6 7. Bd3 0-0 8. Ne2 Re8 9. Qc2 h5 10. Be3 Nd7 11. c4 Nf8 12. 0-0-0 Be6 13. Kb1 Ng6 14. h3 h4 15. Rhe1 Ne7 16. Nc3 Qd7 17. a3 Rac8 18. Ne4 Nf5 19. Nc5 Nxe3 20. Rxe3 Bxc5 21. dxc5 Qe7 22. b4 Rcd8 23. Rde1 Qd7 24. Qc3 Kf8 25. Kb2 Bf5 26. Rxe8+ Rxe8 27. Rxe8+ Kxe8 28. Bxf5 Qxf5 29. Qd2 Qe4 30. Qd6 Qxg2 31. Qb8+ Ke7 32. Qxb7+ Ke6 33. Qc8+ Ke7 34. Qc7+ Ke6 35. Qf4 g5 36. Qd4 g4 37. b5 cxb5 38. Qd6+ Kf5 39. c6 Qxf2+ 40. Kc3 Qg3+ 41. Qxg3 hxg3 42. c7 g2 43. c8Q+ 1-0

[Event "Moscow Region Group Cup"]
[Site "Moscow"]
[Date "2023.12.03"]
[Round "12"]
[White "Dreev, Alexey"]
[Black "Goryachkina, Aleksandra"]
[Result "1-0"]
[WhiteElo "2606"]
[BlackElo "2567"]
[PlyCount "97"]
[EventDate "2023.12.01"]
[EventType "tourn (rapid)"]
[EventRounds "14"]
[EventCountry "RUS"]
[EventCategory "17"]
[SourceTitle "CB49_2023"]
[SourceDate "2023.12.06"]
[SourceVersion "1"]
[SourceVersionDate "2023.12.06"]
[SourceQuality "1"]

1. d4 d5 2. c4 c6 3. Nf3 Nf6 4. e3 Bf5 5. Nc3 e6 6. Nh4 Bg6 7. Qb3 Qc7 8. Nxg6 hxg6 9. Bd2 Be7 10. Rc1 dxc4 11. Bxc4 Nbd7 12. g3 Rd8 13. a4 a5 14. Rd1 Bb4 15. 0-0 Nb6 16. Be2 e5 17. Bf3 exd4 18. exd4 0-0 19. Bf4 Bd6 20. Bg5 Be7 21. Rfe1 Rfe8 22. Rxe7 Rxe7 23. Bf4 Qc8 24. Qxb6 Rde8 25. Kg2 Qf5 26. Qc5 Rd7 27. Qxf5 gxf5 28. d5 cxd5 29. Nxd5 Nxd5 30. Rxd5 Rxd5 31. Bxd5 Re7 32. b3 g6 33. Bc4 Rd7 34. Be5 Kf8 35. Bc3 b6 36. Bf6 Rd2 37. h4 Rd1 38. Kf3 Rd2 39. Ke3 Rd6 40. Be5 Rc6 41. Bd5 Rc8 42. Bf6 Re8+ 43. Kd3 Rc8 44. Bd4 Rd8 45. Kc4 Rd6 46. Be3 Ke7 47. Bf3 f6 48. Be2 Re6 49. Kb5 1-0

[Event "Moscow Region Group Cup"]
[Site "Moscow"]
[Date "2023.12.02"]
[Round "6"]
[White "Grischuk, Alexander"]
[Black "Dreev, Alexey"]
[Result "1/2-1/2"]
[WhiteElo "2732"]
[BlackElo "2606"]
[PlyCount "50"]
[EventDate "2023.12.01"]
[EventType "tourn (rapid)"]
[EventRounds "14"]
[EventCountry "RUS"]
[EventCategory "17"]
[SourceTitle "CB49_2023"]
[SourceDate "2023.12.06"]
[SourceVersion "1"]
[SourceVersionDate "2023.12.06"]
[SourceQuality "1"]

1. e4 c6 2. d4 d5 3. e5 c5 4. dxc5 e6 5. a3 Bxc5 6. Nf3 Ne7 7. Bd3 Ng6 8. 0-0 0-0 9. Re1 Nd7 10. b4 Be7 11. Nbd2 a5 12. b5 a4 13. Bb2 Nc5 14. Bf1 b6 15. g3 Bb7 16. h4 f6 17. Qe2 Nxe5 18. Nxe5 fxe5 19. Bxe5 Bf6 20. Bg2 Rc8 21. Rad1 Qe7 22. c4 Bxe5 23. Qxe5 Rxf2 24. Bxd5 Rf6 25. Bxb7 Qxb7 1/2-1/2

[Event "Moscow Region Group Cup"]
[Site "Moscow"]
[Date "2023.12.01"]
[Round "1"]
[White "Lagno, Kateryna"]
[Black "Dreev, Alexey"]
[Result "1-0"]
[WhiteElo "2542"]
[BlackElo "2606"]
[PlyCount "137"]
[EventDate "2023.12.01"]
[EventType "tourn (rapid)"]
[EventRounds "14"]
[EventCountry "RUS"]
[EventCategory "17"]
[SourceTitle "CB49_2023"]
[SourceDate "2023.12.06"]
[SourceVersion "1"]
[SourceVersionDate "2023.12.06"]
[SourceQuality "1"]

1. e4 c5 2. Nf3 e6 3. d4 cxd4 4. Nxd4 Nf6 5. Nc3 Nc6 6. Ndb5 Bc5 7. Nd6+ Ke7 8. Bf4 e5 9. Nf5+ Kf8 10. Bg5 d6 11. Bc4 h6 12. Bxf6 Qxf6 13. Nd5 Qd8 14. c3 g6 15. Nfe3 Be6 16. 0-0 a6 17. b4 Ba7 18. a4 Kg7 19. Qf3 Rc8 20. Rfd1 h5 21. Be2 Rf8 22. b5 Nb8 23. Rab1 Bc5 24. bxa6 bxa6 25. Rb7 Bxe3 26. Qxe3 Nd7 27. Ra7 Nc5 28. Bxa6 Bxd5 29. exd5 Qb6 30. Bxc8 Rxc8 31. Re7 Kf6 32. Qh3 Ra8 33. Rd7 Kg7 34. Re7 Qd8 35. Qh4 Qb8 36. Qg5 Rxa4 37. h3 Ra8 38. f4 Ne4 39. Qh4 Nxc3 40. fxe5 Qb6+ 41. Kh2 dxe5 42. Rf1 Rf8 43. Qg3 Nxd5 44. Qxe5+ Nf6 45. Rd7 Re8 46. Rxf6 Qxf6 47. Qxe8 Qf4+ 48. Kg1 Qc1+ 49. Kf2 Qc5+ 50. Kg3 Qg5+ 51. Kf3 Qf5+ 52. Ke2 Qb5+ 53. Ke1 Qf5 54. Rd2 Qf4 55. Qc6 Qe3+ 56. Kd1 Qg1+ 57. Kc2 Qf1 58. Qe4 Kg8 59. Re2 Qf6 60. Kd2 Qd6+ 61. Ke1 Qf6 62. Qf3 Qd4 63. Kf1 Qd1+ 64. Kf2 Qd4+ 65. Qe3 Qf6+ 66. Kg1 Qa6 67. Qe8+ Kg7 68. Qe5+ Kg8 69. Rb2 1-0

[Event "RUS-chT Rapid"]
[Site "Sochi"]
[Date "2023.10.18"]
[Round "5.6"]
[White "Zablotsky, Sergei"]
[Black "Dreev, Alexey"]
[Result "1/2-1/2"]
[WhiteElo "2464"]
[BlackElo "2606"]
[PlyCount "69"]
[EventDate "2023.10.18"]
[EventType "team-swiss (rapid)"]
[EventRounds "9"]
[EventCountry "RUS"]
[SourceTitle "Mega2024 Update 01"]
[Source "Chessbase"]
[SourceDate "2023.11.12"]
[SourceVersion "1"]
[SourceVersionDate "2023.11.12"]
[SourceQuality "1"]
[WhiteTeam "Krasnoyarsk Region Enisey"]
[BlackTeam "Moscow ShSM"]
[WhiteTeamCountry "RUS"]
[BlackTeamCountry "RUS"]

1. Nf3 d5 2. g3 c6 3. Bg2 Bg4 4. h3 Bh5 5. c4 e6 6. 0-0 Nd7 7. d4 Bd6 8. cxd5 exd5 9. Nc3 Ngf6 10. Nh4 0-0 11. Nf5 Bc7 12. b4 Re8 13. Bf4 Bxf4 14. gxf4 Qc7 15. Qd2 Nb6 16. Ng3 Nc4 17. Qc1 Qb6 18. e3 Qxb4 19. Rb1 Qe7 20. Nxh5 Nxh5 21. Bxd5 cxd5 22. Nxd5 Qe6 23. Qxc4 Rad8 24. Rb5 Qxh3 25. Qe2 Kh8 26. Rfb1 Re6 27. f5 Qxf5 28. Ne7 Nf4 29. Rxf5 Nxe2+ 30. Kf1 Ng3+ 31. fxg3 Rxe7 32. Kf2 g6 33. Rc5 h5 34. Rbc1 Rd6 35. Kf3 1/2-1/2

[Event "RUS-chT Blitz"]
[Site "Sochi"]
[Date "2023.10.17"]
[Round "12.6"]
[White "Drygalov, Sergey"]
[Black "Dreev, Alexey"]
[Result "1/2-1/2"]
[WhiteElo "2547"]
[BlackElo "2606"]
[PlyCount "92"]
[EventDate "2023.10.17"]
[EventType "team-swiss (blitz)"]
[EventRounds "13"]
[EventCountry "RUS"]
[SourceTitle "Mega2024 Update 01"]
[Source "Chessbase"]
[SourceDate "2023.11.12"]
[SourceVersion "1"]
[SourceVersionDate "2023.11.12"]
[SourceQuality "1"]
[WhiteTeam "Krasnoyarsk Region Enisey"]
[BlackTeam "Moscow ShSM"]
[WhiteTeamCountry "RUS"]
[BlackTeamCountry "RUS"]

1. d4 d5 2. c4 c6 3. Nf3 Nf6 4. Nc3 e6 5. e3 Nbd7 6. Qc2 b6 7. Bd3 Bb7 8. 0-0 Be7 9. b3 Qc7 10. Bb2 Rd8 11. Rac1 Qb8 12. Qe2 0-0 13. e4 dxe4 14. Nxe4 c5 15. dxc5 Bxe4 16. Bxe4 Nxe4 17. Qxe4 bxc5 18. Ne5 Nxe5 19. Bxe5 Bd6 20. Bxd6 Qxd6 21. h3 h6 22. Qf3 Qd3 23. Qc6 Qd6 24. Qa4 Qc7 25. Rfd1 a5 26. a3 g6 27. b4 axb4 28. axb4 cxb4 29. Qxb4 Rxd1+ 30. Rxd1 Rc8 31. Rc1 Qc5 32. Qxc5 Rxc5 33. Kf1 Kf8 34. Ke2 Ke7 35. Kd3 Ra5 36. Rb1 Ra2 37. Ke3 Rc2 38. Rb7+ Kf6 39. Rc7 e5 40. g3 Ke6 41. h4 h5 42. Rc6+ Kd7 43. Rc5 Kd6 44. Rd5+ Ke6 45. Rc5 Kd6 46. Rd5+ Ke6 1/2-1/2

[Event "Titled Tuesday intern op 26th Sep Early"]
[Site "Chess.com INT"]
[Date "2023.09.26"]
[Round "6"]
[White "Agibileg, Uurtsaikh"]
[Black "Dreev, Alexey"]
[Result "0-1"]
[WhiteElo "2441"]
[BlackElo "2606"]
[PlyCount "104"]
[EventDate "2023.09.26"]
[EventType "swiss (blitz)"]
[EventRounds "11"]
[EventCountry "USA"]
[SourceTitle "EXT 2024"]
[Source "ChessBase"]
[SourceDate "2023.10.10"]
[SourceVersion "1"]
[SourceVersionDate "2023.10.10"]
[SourceQuality "1"]

1. d4 d5 2. c4 c6 3. Nf3 Nf6 4. Nc3 e6 5. g3 dxc4 6. Bg2 Nbd7 7. 0-0 Bb4 8. e4 0-0 9. Qe2 b5 10. Rd1 Bb7 11. Bg5 h6 12. Bf4 Re8 13. h3 a6 14. g4 Be7 15. b3 Qa5 16. Rdc1 b4 17. e5 bxc3 18. exf6 Bxf6 19. Qxc4 c5 20. Ne5 Bd5 21. Bxd5 Nb6 22. Qxc3 Qxc3 23. Rxc3 Nxd5 24. Rf3 cxd4 25. Nd7 Rad8 26. Nxf6+ Nxf6 27. Be5 Ne4 28. Rd3 f6 29. Rxd4 Ng5 30. Rxd8 Rxd8 31. Bc7 Rd7 32. Rc1 Nxh3+ 33. Kg2 Ng5 34. Rc6 e5 35. Ba5 Ra7 36. a4 Kf7 37. b4 Ne6 38. Bb6 Rb7 39. Ba5 Ra7 40. Bb6 Rd7 41. Be3 Rb7 42. Rxa6 Rxb4 43. Kf3 Rb3 44. Ra7+ Kg6 45. a5 Ra3 46. Ra8 Ng5+ 47. Ke2 Ne4 48. a6 Nc3+ 49. Kf1 Nd5 50. Bc5 Ra5 51. a7 Nf4 52. Be3 Ra1+ 0-1

[Event "Titled Tuesday intern op 26th Sep Early"]
[Site "Chess.com INT"]
[Date "2023.09.26"]
[Round "2"]
[White "Dreev, Alexey"]
[Black "Begunov, Konstantin"]
[Result "1-0"]
[WhiteElo "2606"]
[BlackElo "2325"]
[PlyCount "131"]
[EventDate "2023.09.26"]
[EventType "swiss (blitz)"]
[EventRounds "11"]
[EventCountry "USA"]
[SourceTitle "EXT 2024"]
[Source "ChessBase"]
[SourceDate "2023.10.10"]
[SourceVersion "1"]
[SourceVersionDate "2023.10.10"]
[SourceQuality "1"]

1. d4 d5 2. c4 c6 3. Nc3 Nf6 4. e3 a6 5. Bd3 Bg4 6. Qc2 e6 7. Nge2 Bxe2 8. Qxe2 Nbd7 9. 0-0 Be7 10. b3 0-0 11. Bb2 b5 12. Rac1 Rb8 13. cxd5 cxd5 14. Rc2 Bb4 15. a3 Bd6 16. a4 bxa4 17. bxa4 a5 18. Bb5 Bb4 19. Rfc1 Nb6 20. Na2 Qe7 21. Nxb4 Qxb4 22. Bc3 Qe7 23. Bxa5 Ne4 24. Rc6 Qa7 25. Bb4 Rfd8 26. f3 Nf6 27. Rc7 Rb7 28. Qc2 Nc4 29. Bc5 Qb8 30. Rxb7 Qxb7 31. Bxc4 dxc4 32. Qxc4 Nd5 33. e4 Nf4 34. g3 Ng6 35. Qb5 Qa8 36. a5 Rb8 37. Bb6 Ne7 38. Qc5 Rc8 39. Bc7 Ng6 40. Qc6 Qa7 41. Qb6 Qa8 42. a6 Nf8 43. Qb7 Nd7 44. Qxa8 Rxa8 45. Bd6 g5 46. Rc7 Nb6 47. a7 Nc8 48. Bc5 Kg7 49. Rb7 Kf6 50. Rb8 Rxa7 51. Bxa7 Nxa7 52. Rh8 Nc6 53. d5 exd5 54. exd5 Nb4 55. d6 Ke6 56. Rxh7 Kxd6 57. Rxf7 Ke6 58. Rg7 Kf6 59. Rb7 Nd3 60. Kg2 Ne5 61. h3 Nd3 62. Rb6+ Kf5 63. Rb5+ Kf6 64. Rd5 Nb4 65. Rd4 Ke5 66. Rxb4 1-0